000
00232nam a22000977a 4500
082
_a
ELE
100
_a
Electric Power Research
245
_a
Transmissions line reference book
260
_b
Electric Power Research
_c
1980
942
_c
BK
999
_c
14284
_d
14284